|
|
|
|
| LEADER |
01132pam a22003858a 4500 |
| 001 |
00033995 |
| 005 |
20171026081025.0 |
| 008 |
160315s2008 ||||||Engsd |
| 020 |
# |
# |
|c 98000
|
| 041 |
0 |
# |
|a Eng
|
| 082 |
1 |
4 |
|a 428
|b T421I
|
| 245 |
1 |
0 |
|a TOEFL IBT activator listening expert
|
| 260 |
# |
# |
|a T.P. Hồ Chí Minh
|b Tổng hợp T.P. Hồ Chí Minh; Công ty TNHH Nhân Trí Việt
|c 2008
|
| 300 |
# |
# |
|a 222 tr.
|c 27 cm.
|
| 500 |
# |
# |
|a Copyright by YBM si-sa, 2008
|
| 653 |
# |
# |
|a Bài kiểm tra
|
| 653 |
# |
# |
|a Kỹ năng nghe
|
| 653 |
# |
# |
|a Tự học
|
| 653 |
# |
# |
|a Tiếng Anh
|
| 653 |
# |
# |
|a TOEFL
|
| 653 |
# |
# |
|a Ngôn ngữ
|
| 852 |
# |
# |
|b Kho giáo trình
|j KGT.0051067, KGT.0051068, KGT.0051069, KGT.0051070
|
| 852 |
# |
# |
|j KD.0017084
|j KGT.0051067
|j KGT.0051068
|j KGT.0051070
|j KGT.0051069
|
| 852 |
# |
# |
|b Kho đọc
|j KD.0017084
|
| 852 |
# |
# |
|b Kho mượn
|j KGT.0051067
|
| 910 |
0 |
# |
|d 15/03/2016
|
| 980 |
# |
# |
|a Trung tâm Học liệu Lê Vũ Hùng, Trường Đại học Đồng Tháp
|